Jozef & Dodo Ivaška. Sme dvaja

Bibliographic Details
Corporate Author: Paul Fabian Big Band (uci)
Other Authors: Ivaška, Jozef, 1949- (roz), Ivaška, Jozef, 1974- (roz), Földošová, Marta (fot)
Format: Book
Language:Slovak
PhysicalDescription:1 kompaktná platňa (20 min. 14 sek.) stereo
Published: Bratislava Radio Bratislava 1998
Subjects:

MARC

LEADER 00000nam a2200000 a 4500
001 vtls001354893
003 SK-MaSNL
005 20260301160736.0
008 130606s1999 xo 0 slo
015 |a SNBJ1999/03-01807 
035 |a SNK000308343 
040 |a SNK  |b slo  |c SNK  |e AACR2 
044 |a xo  |c SK 
080 |a 784.66:785.1(086.7)  |2 1981 
245 1 |a Jozef & Dodo Ivaška. Sme dvaja  |h zvukový dokument 
260 |a Bratislava  |b Radio Bratislava  |c 1998 
300 |a 1 kompaktná platňa (20 min. 14 sek.)  |b stereo 
500 |a Fotograf Marta Földešová 
505 0 |a Obsahuje 6 piesní 
511 |a Paul Fabian, dirigent 
511 |a Spievajú Jozef Ivaška, Dodo Ivaška 
511 |a Hrá Paul Fabian Big Band 
511 |a Spoluúčinkuje vokálna skupina Trend 
650 0 7 |a populárna hudba  |x platne kompaktné  |2 SNK  |9 283660 
655 7 |a magnetofónové kazety  |2 SNK  |9 70693 
700 1 |a Fabian, Paul  |4 dir  |9 43629 
700 1 |a Ivaška, Jozef,  |d 1949-  |4 roz  |9 164421 
700 1 |a Ivaška, Jozef,  |d 1974-  |4 roz  |9 164513 
700 1 |a Földošová, Marta  |4 fot  |9 522736 
710 0 |a Paul Fabian Big Band  |4 uci  |9 522737 
999 |c 806721  |d 808651 
952 |t P60, <03>, [BOOK], {603}  |a SNK  |b SNK  |y PREZ  |7 0  |p 17A0179405  |o snkSCD 822  |i snkJK 68/99  |0 0  |1 0  |4 0  |d 1999-02-10  |l 0  |r 2005-01-02 00:00:00  |w 2026-02-24